000 00402nam a2200157Ia 4500
008 240729s9999 xx 000 0 und d
022 _a2314-4785
245 0 _aJournal of Mathematics
260 _aUnited Kingdom
260 _bHindawi Limited
650 _a Mathematics
650 _aScience
856 _uhttps://doaj.org/toc/5fdf4e051e3943acb36931310f2b3cce
942 _2ddc
942 _cDOAJEJ
999 _c71768
_d71768
945 _a1
_bMadushi Gamage
_c1
_dMadushi Gamage